Państwa sąsiadujące z Rosją. - Statystyki

Ogólne statystyki
  • Ten quiz został rozwiązany 151 razy
  • Średni wynik to 11 z 14
Statystyki odpowiedzi
Długość granicy Państwo % Poprawnych
432 km Polska
96%
6,846 km Kazachstan
91%
3,645 km Chiny
89%
227 km Litwa
89%
292 km Łotwa
88%
290 km Estonia
85%
3,441 km Mongolia
84%
1,576 km Ukraina
83%
959 km Bialoruś
81%
1,313 km Finlandia
73%
723 km Gruzja
73%
18 km Korea Północna
72%
284 km Azerbejdżan
60%
196 km Norwegia
50%
Nie znaleziono quizów pasujących do podanych kryteriów
Rozkład punktacji
Procent ludzi z każdym wynikiem
Percentyl według liczby udzielonych odpowiedzi
Twoja historia wyników
Nie rozwiązałeś tego quizu